00780nam a22002177a 4500003000500000005001700005008004100022010001000063011001000073035001000083040000900093100003500102245014100137260004000278300002800318502006500346650004100411650002400452650001700476710006900493CHAP20220817043026.0971010s1986 r 00010 d a63141 a64113 a69257 cCHAP00aAndrade Aguilar, Jose Alfredo. aCultivo del frijol (Phaseolus vulgaris L.) en Aguascalientes, México: situación actual y comparación del plasma germinal 1940-1984 aChapingo, Méx. :bEl autor,c1986 a253 p.b: ilus. ; mapas aTesis (M.C. Esp. en Botánica) -- C.P. Centro de Botánica14aFrijolxFisiología y morfología.14aFrijolxGenética.14aGermoplasma.0 aColegio de Postgraduados. Chapingo, Méx. Centro de Botánica.